[Event "Paracin 2018"]
[Site "Paracin"]
[Date "2018.07.13"]
[Round "9.3"]
[White "Georgiev, Kiril"]
[Black "Petrov, Martin"]
[Result "1/2-1/2"]
[WhiteElo "2596"]
[BlackElo "2441"]
[PlyCount "172"]
[EventDate "2018.??.??"]

1. d4 Nf6 2. Nf3 e6 3. c4 b6 4. g3 Ba6 5. b3 Bb4+ 6. Bd2 Be7 7. Nc3 O-O 8. Rc1
d5 9. cxd5 exd5 10. Bg2 Bb7 11. O-O Nbd7 12. Bf4 c5 13. Ne5 Re8 14. e3 Nf8 15.
dxc5 bxc5 16. Nd3 Ne6 17. Be5 Ne4 18. Qg4 Nxc3 19. Bxc3 Bf8 20. Rfd1 Qb6 21.
Ne5 Rad8 22. Qa4 Qc7 23. Nd3 Bc6 24. Qa5 Qb6 25. Rd2 Ba8 26. Rcd1 d4 27. Qxb6
axb6 28. exd4 cxd4 29. Bb2 Ng5 30. Bxa8 Rxa8 31. Kg2 Rxa2 32. Bxd4 Rxd2 33.
Rxd2 Ne6 34. Be3 Rd8 35. Kf1 Rd5 36. Ke2 Rb5 37. b4 g6 38. Rc2 Kg7 39. Rc4 Kf6
40. Kd2 Ke7 41. Rh4 h5 42. Kc3 Kd7 43. Rc4 Bg7+ 44. Kb3 Rd5 45. Nf4 Nxf4 46.
Rxf4 f5 47. Bxb6 Kc6 48. Kc4 Rd2 49. Be3 Rc2+ 50. Kd3 Rc3+ 51. Kd2 Kd5 52. b5
Rb3 53. Ra4 Rxb5 54. Ra6 Bd4 55. Bxd4 Kxd4 56. Rxg6 Ke4 57. Rg5 Rb2+ 58. Ke1 f4
59. gxf4 h4 60. Re5+ Kxf4 61. Re3 Rb1+ 62. Ke2 Rh1 63. h3 Kf5 64. Rf3+ Ke4 65.
Ra3 Kf5 66. Rb3 Kf4 67. Rc3 Kf5 68. Kd2 Kf4 69. Rd3 Rh2 70. Ke1 Rh1+ 71. Ke2
Kf5 72. Rf3+ Ke4 73. Rb3 Kf5 74. Rc3 Kf4 75. Re3 Kf5 76. Kd3 Rd1+ 77. Ke2 Rh1
78. Rc3 Kf4 79. Rc4+ Kg5 80. Rc5+ Kf4 81. Rc3 Kf5 82. Rd3 Kf4 83. Re3 Kf5 84.
Ra3 Kf4 85. Rb3 Kf5 86. Rc3 Kf4 1/2-1/2

[Event "Paracin 2018"]
[Site "Paracin"]
[Date "2018.07.13"]
[Round "9.9"]
[White "Vujacic, Borivoje"]
[Black "Radovanovic, Nikola"]
[Result "0-1"]
[WhiteElo "2213"]
[BlackElo "2425"]
[PlyCount "93"]
[EventDate "2018.??.??"]

1. e4 d6 2. d4 Nf6 3. Nc3 e5 4. Nf3 Nbd7 5. Bc4 Be7 6. O-O O-O 7. Re1 c6 8. a4
exd4 9. Nxd4 Ne5 10. Ba2 Re8 11. h3 Bd7 12. Bf4 a5 13. Nf3 Qc7 14. Qe2 h6 15.
Rad1 Bf8 16. Nd4 Rad8 17. Bg3 Qb6 18. Bb3 Bc8 19. Kh1 Qb4 20. f4 Ng6 21. Qf3
Qc5 22. Rf1 Qh5 23. Qxh5 Nxh5 24. Bh2 Nf6 25. Rde1 Nd7 26. Nf3 Nc5 27. Bc4 Be7
28. f5 Nf8 29. Rd1 Bf6 30. e5 dxe5 31. Rxd8 Rxd8 32. Nxe5 Bxe5 33. Bxe5 Rd2 34.
f6 g5 35. Re1 Be6 36. Bxe6 Nfxe6 37. h4 gxh4 38. Ne4 Rxc2 39. Bc3 Nxa4 40. Bxa5
Nxb2 41. Rb1 b5 42. Nd6 Nc4 43. Nf5 Nxa5 44. Ra1 Nb7 45. Ra8+ Nbd8 46. Nxh6+
Kh7 47. Nf5 0-1

[Event "Paracin 2018"]
[Site "Paracin"]
[Date "2018.07.13"]
[Round "9.10"]
[White "Gadimbayli, Abdulla"]
[Black "Harvey, Marcus R"]
[Result "1/2-1/2"]
[WhiteElo "2420"]
[BlackElo "2362"]
[PlyCount "151"]
[EventDate "2018.??.??"]

1. e4 e6 2. d4 d5 3. Nd2 h6 4. c3 c5 5. exd5 Qxd5 6. dxc5 Bxc5 7. Ngf3 Nf6 8.
Bc4 Qh5 9. O-O O-O 10. Qe2 Bb6 11. Bd3 Nbd7 12. h3 Rd8 13. Re1 Bc7 14. Nf1 Ne5
15. Nxe5 Qxe2 16. Bxe2 Bxe5 17. Bf3 Bc7 18. b3 Nd5 19. Bb2 Nf4 20. Red1 Nd3 21.
Ba3 Ne5 22. Be4 f5 23. Bc2 b5 24. Rxd8+ Bxd8 25. Bb2 Bf6 26. a4 bxa4 27. Rxa4
Bd7 28. Ra2 a5 29. Ng3 Nc6 30. Ne2 Rb8 31. Bc1 Kf7 32. Bd2 e5 33. c4 e4 34. Nf4
Be5 35. Nd5 Nd4 36. Bxa5 Nxc2 37. Rxc2 Rxb3 38. g3 Rb1+ 39. Kh2 Ba4 40. Re2 Bc6
41. Rc2 Bxd5 42. cxd5 Rb5 43. Bc7 Rxd5 44. Bxe5 Rxe5 45. h4 Kf6 46. Kg2 Re6 47.
Rc5 g6 48. Ra5 Rb6 49. Kf1 g5 50. hxg5+ hxg5 51. Ra8 Kg6 52. Kg2 Rb2 53. Re8
Kh5 54. Re7 Kg4 55. Re5 Ra2 56. Re8 Re2 57. Re7 Ra2 58. Re8 Kh5 59. Re7 Ra4 60.
Re6 f4 61. gxf4 gxf4 62. Re8 f3+ 63. Kg3 Kg5 64. Re5+ Kf6 65. Re8 Kf5 66. Rb8
Ra5 67. Rf8+ Ke5 68. Re8+ Kf5 69. Rf8+ Kg5 70. Rg8+ Kf6 71. Kf4 Kf7 72. Rg1 Ra2
73. Kxe4 Rxf2 74. Rg3 Kf6 75. Rxf3+ Rxf3 76. Kxf3 1/2-1/2

[Event "Paracin 2018"]
[Site "Paracin"]
[Date "2018.07.13"]
[Round "9.12"]
[White "Raja, Rithvik R"]
[Black "Shyam, Sundar M"]
[Result "0-1"]
[WhiteElo "2343"]
[BlackElo "2527"]
[PlyCount "70"]
[EventDate "2018.??.??"]

1. d4 d6 2. e4 Nf6 3. Nc3 g6 4. Be3 a6 5. h3 b5 6. e5 Nfd7 7. Qf3 c6 8. exd6
exd6 9. O-O-O Be7 10. Bh6 Bg5+ 11. Bxg5 Qxg5+ 12. Kb1 O-O 13. Bd3 Qh4 14. Nge2
d5 15. Qf4 Qxf4 16. Nxf4 Nb6 17. h4 Ra7 18. Rde1 a5 19. Kc1 Na6 20. a3 Rd8 21.
f3 Kf8 22. g4 b4 23. Nb1 c5 24. Bxa6 Bxa6 25. dxc5 Na4 26. axb4 axb4 27. Re5
Nxc5 28. b3 Bb7 29. h5 g5 30. Rxg5 Ra2 31. Re1 Rc8 32. Kd1 d4 33. Nd5 d3 34. c4
bxc3 35. Nbxc3 Ra1+ 0-1

[Event "Paracin 2018"]
[Site "Paracin"]
[Date "2018.07.13"]
[Round "9.13"]
[White "Ikeda, Junta"]
[Black "Yordanov, Lachezar"]
[Result "1/2-1/2"]
[WhiteElo "2437"]
[BlackElo "2290"]
[PlyCount "62"]
[EventDate "2018.??.??"]

1. f4 d5 2. Nf3 Nf6 3. g3 g6 4. Bg2 Bg7 5. O-O O-O 6. d3 c5 7. Qe1 Nc6 8. c3 b6
9. h3 Re8 10. g4 h6 11. Na3 Bb7 12. Nc2 e5 13. g5 e4 14. gxf6 exf3 15. Bxf3
Bxf6 16. Qf2 d4 17. c4 Qd7 18. Qg2 Nd8 19. f5 g5 20. Bd2 Kg7 21. Ne1 Rg8 22. b4
Kh7 23. bxc5 bxc5 24. Rb1 Bxf3 25. Nxf3 Nc6 26. Nh2 h5 27. Rb5 Qd6 28. Qd5 Qg3+
29. Qg2 Qd6 30. Qd5 Qg3+ 31. Qg2 Qd6 1/2-1/2

[Event "Paracin 2018"]
[Site "Paracin"]
[Date "2018.07.13"]
[Round "9.20"]
[White "Savanovic, Vuk"]
[Black "Lajthajm, Borko"]
[Result "0-1"]
[WhiteElo "2294"]
[BlackElo "2422"]
[PlyCount "76"]
[EventDate "2018.??.??"]

1. e4 c5 2. Nf3 a6 3. Nc3 e6 4. d4 cxd4 5. Nxd4 Qc7 6. Be3 Nf6 7. a3 Bc5 8. Be2
d6 9. Qd2 O-O 10. g4 b5 11. g5 Ne8 12. b4 Bxd4 13. Bxd4 Nc6 14. Nd1 Nxd4 15.
Qxd4 Qxc2 16. Nc3 e5 17. Qd3 Qxd3 18. Bxd3 Nc7 19. Rg1 Bb7 20. Kd2 Ne6 21. Ne2
f6 22. g6 hxg6 23. Rxg6 Ng5 24. h4 Nf3+ 25. Ke3 Nxh4 26. Rg4 g5 27. a4 Bc6 28.
Nc3 bxa4 29. Bc4+ Kg7 30. Rxh4 gxh4 31. Rg1+ Kh6 32. Be6 Rh8 33. f4 Ra7 34. Rg4
h3 35. Ne2 Bd7 36. Bxd7 Rxd7 37. Ng3 h2 38. Nf5+ Kh7 0-1

[Event "Paracin 2018"]
[Site "Paracin"]
[Date "2018.07.13"]
[Round "9.23"]
[White "Omorjan, Dejan"]
[Black "Nestorovic, Dejan"]
[Result "0-1"]
[WhiteElo "2292"]
[BlackElo "2341"]
[PlyCount "38"]
[EventDate "2018.??.??"]

1. d4 Nf6 2. c4 e6 3. Nf3 Bb4+ 4. Bd2 Qe7 5. g3 Nc6 6. Bg2 Bxd2+ 7. Nbxd2 d6 8.
O-O a5 9. e4 e5 10. d5 Nb8 11. Ne1 h5 12. h4 Bg4 13. f3 Bd7 14. Nd3 O-O 15. Rc1
Na6 16. Qe2 c6 17. Qe3 Rfc8 18. a3 a4 19. Nb1 c5 0-1

[Event "Paracin 2018"]
[Site "Paracin, Hotel Petrus"]
[Date "2018.07.13"]
[Round "9.31"]
[White "Olcum, Ahmet"]
[Black "Ivic, Matija"]
[Result "1-0"]
[WhiteElo "2316"]
[BlackElo "2245"]
[PlyCount "75"]
[EventDate "2018.07.06"]

1. d4 Nf6 2. Bf4 e6 3. e3 c5 4. c3 b6 5. a4 a6 6. Nf3 Bb7 7. Nbd2 cxd4 8. exd4
d6 9. Be2 Be7 10. h3 O-O 11. O-O Nbd7 12. Nc4 Qc7 13. Nfd2 Rab8 14. Ne3 Rfe8
15. Bh2 Nf8 16. Rc1 Ng6 17. b4 Qd7 18. c4 Rbc8 19. Qb3 a5 20. bxa5 b5 21. Nb1
Rb8 22. Qd1 Ne4 23. Na3 Bg5 24. c5 Rbc8 25. Bxb5 Bc6 26. Nac4 Bxb5 27. axb5
Qxb5 28. Rb1 Qa6 29. Rb6 Qa7 30. Bxd6 Red8 31. Qf3 Nxd6 32. Nxd6 Rb8 33. Rfb1
Bf6 34. Rb7 Rxb7 35. Rxb7 Qa6 36. Ng4 Qa8 37. Nxf6+ gxf6 38. Qxf6 1-0

[Event "Paracin 2018"]
[Site "Paracin, Hotel Petrus"]
[Date "2018.07.13"]
[Round "9.32"]
[White "Djukic, Sandra"]
[Black "Harsha, Bharathakoti"]
[Result "0-1"]
[WhiteElo "2181"]
[BlackElo "2465"]
[PlyCount "64"]
[EventDate "2018.07.06"]

1. d4 f5 2. g3 Nf6 3. Bg2 g6 4. Nf3 Bg7 5. O-O O-O 6. c4 d6 7. Nc3 Qe8 8. d5
Na6 9. Nd4 Bd7 10. Bg5 c6 11. e4 Nxe4 12. Nxe4 fxe4 13. Bxe4 Nc5 14. Bg2 e5 15.
Nb3 e4 16. Nxc5 dxc5 17. Be3 b6 18. Qc2 cxd5 19. cxd5 Bb5 20. Bxe4 Bxf1 21.
Rxf1 Rd8 22. a3 Bxb2 23. Bxg6 Qxg6 24. Qxb2 Rxd5 25. Qb3 Qe6 26. Qa4 Qd7 27.
Qb3 Rf7 28. Rc1 Rd3 29. Qc2 Qd5 30. Qe2 Rd7 31. Qg4+ Kh8 32. Rf1 Rd1 0-1

[Event "Paracin 2018"]
[Site "Paracin, Hotel Petrus"]
[Date "2018.07.13"]
[Round "9.33"]
[White "Radovanovic, Mihajlo"]
[Black "Ongut, Tamas Gunes"]
[Result "1-0"]
[WhiteElo "2402"]
[BlackElo "2185"]
[PlyCount "43"]
[EventDate "2018.07.06"]

1. Nf3 d5 2. g3 Nc6 3. d4 Bg4 4. Bg2 Qd7 5. O-O O-O-O 6. Re1 f6 7. Nc3 e6 8. h3
Bh5 9. a3 g5 10. b4 Bg6 11. e4 Nge7 12. b5 Na5 13. e5 g4 14. exf6 gxf3 15. fxe7
Bxe7 16. Bxf3 h5 17. Qe2 Bf6 18. Qxe6 Bxd4 19. Bb2 Rdf8 20. Qxd7+ Kxd7 21. Rad1
Bb6 22. Nxd5 1-0

[Event "Paracin 2018"]
[Site "Paracin, Hotel Petrus"]
[Date "2018.07.13"]
[Round "9.34"]
[White "Wadsworth, Matthew J"]
[Black "Ersahin, Bulent"]
[Result "1-0"]
[WhiteElo "2377"]
[BlackElo "2179"]
[PlyCount "109"]
[EventDate "2018.07.06"]

1. c4 Nf6 2. g3 g6 3. Bg2 Bg7 4. Nc3 O-O 5. d3 c5 6. Nf3 Nc6 7. O-O Rb8 8. Bf4
d6 9. Qd2 a6 10. Bh6 b5 11. Bxg7 Kxg7 12. b3 Qa5 13. Qb2 Kg8 14. Rac1 Bb7 15.
e3 Rfc8 16. Rfd1 Nb4 17. h4 Ba8 18. cxb5 axb5 19. a3 Na6 20. Ne2 Bb7 21. e4 e5
22. Rb1 c4 23. b4 Qb6 24. Nc3 cxd3 25. Ne1 Rc4 26. Rxd3 Nxe4 27. Nxe4 Bxe4 28.
Bxe4 Rxe4 29. Rbd1 Nc7 30. Nf3 Ne8 31. h5 Rc8 32. hxg6 hxg6 33. Qd2 Rc6 34. Kg2
Rec4 35. Qh6 Rc2 36. Nd2 Rc1 37. Ne4 Qc7 38. Rxd6 Rxd6 39. Rxc1 Qb7 40. f3 Rc6
41. Rh1 Rc2+ 42. Nf2 Rxf2+ 43. Kxf2 Qb6+ 44. Ke2 Qf6 45. Qh7+ Kf8 46. Qh8+ Qxh8
47. Rxh8+ Ke7 48. Rh1 Nd6 49. Rc1 Nf5 50. Rc5 Kd6 51. Kd3 Nxg3 52. Rxb5 Nh5 53.
a4 f5 54. a5 Nf4+ 55. Kd2 1-0

[Event "Paracin 2018"]
[Site "Paracin, Hotel Petrus"]
[Date "2018.07.13"]
[Round "9.35"]
[White "Eric, Jovana"]
[Black "Parnali, S Dharia"]
[Result "1/2-1/2"]
[WhiteElo "2342"]
[BlackElo "2170"]
[PlyCount "82"]
[EventDate "2018.07.06"]

1. f4 d5 2. Nf3 Nf6 3. g3 Nc6 4. Bg2 Bg4 5. Ne5 h5 6. Nxg4 hxg4 7. d3 e6 8. Nc3
Bb4 9. a3 Bc5 10. e3 Qe7 11. d4 Bb6 12. b4 O-O-O 13. Bd2 Rh5 14. h4 gxh3 15.
Rxh3 Rxh3 16. Bxh3 Rh8 17. Bf1 Rh2 18. Qf3 Qf8 19. g4 Qh8 20. O-O-O Qh4 21. g5
Ng4 22. Be1 Qh7 23. Be2 f5 24. gxf6 Nxf6 25. Bg3 Rh3 26. Qg2 Ne7 27. Bf1 Rh5
28. Bd3 Nf5 29. Qg1 c6 30. Bf2 Qh6 31. Kb2 Rh2 32. Re1 Bc7 33. Bg3 Rh3 34. Bf2
Rh2 35. Bg3 Rh3 36. Bf2 Nd6 37. Qg2 Rh2 38. Qf3 Nde4 39. Bg1 Rh3 40. Qe2 Ng3
41. Qg2 Nf5 1/2-1/2

[Event "Paracin 2018"]
[Site "Paracin, Hotel Petrus"]
[Date "2018.07.13"]
[Round "9.37"]
[White "Demirag, Gokhan"]
[Black "Mitev, Valentin"]
[Result "1-0"]
[WhiteElo "1855"]
[BlackElo "2242"]
[PlyCount "51"]
[EventDate "2018.07.06"]

1. Nf3 d5 2. g3 Nf6 3. Bg2 c6 4. O-O Bf5 5. d3 h6 6. c4 e6 7. cxd5 cxd5 8. Qb3
b6 9. Nc3 Nbd7 10. Qa4 a6 11. e4 b5 12. Qc2 dxe4 13. dxe4 Bh7 14. a3 Qc7 15.
Qe2 Rd8 16. Bf4 e5 17. Nd5 Qb8 18. Nxf6+ gxf6 19. Bd2 Nc5 20. Nh4 Qd6 21. Bb4
Qe6 22. Rad1 Rc8 23. Rc1 Bd6 24. Rfd1 Ke7 25. Qh5 Nxe4 26. Rxc8 1-0

[Event "Paracin 2018"]
[Site "Paracin, Hotel Petrus"]
[Date "2018.07.13"]
[Round "9.38"]
[White "Olson, Hamish"]
[Black "Shoboev, Dandar"]
[Result "1-0"]
[WhiteElo "2229"]
[BlackElo "2086"]
[PlyCount "37"]
[EventDate "2018.07.06"]

1. Nf3 Nf6 2. g3 e6 3. Bg2 Be7 4. O-O O-O 5. d3 d5 6. Nc3 c5 7. e4 Nc6 8. Bd2
a6 9. a4 b6 10. exd5 Nxd5 11. Re1 Bb7 12. Nxd5 exd5 13. Bf4 Bf6 14. Ne5 Bxe5
15. Bxe5 d4 16. Qg4 g6 17. Qf4 Rc8 18. Bf6 Qd7 19. Qh6 1-0

[Event "Paracin 2018"]
[Site "Paracin, Hotel Petrus"]
[Date "2018.07.13"]
[Round "9.39"]
[White "Eswaran, Ashritha"]
[Black "Kecskemeti, Arpad"]
[Result "1-0"]
[WhiteElo "2092"]
[BlackElo "2297"]
[PlyCount "101"]
[EventDate "2018.07.06"]

1. e4 c5 2. Nf3 d6 3. d4 cxd4 4. Nxd4 Nf6 5. Nc3 a6 6. Nb3 e6 7. a4 b6 8. Be3
Bb7 9. f3 Be7 10. Be2 Nbd7 11. O-O d5 12. exd5 Bxd5 13. Nxd5 Nxd5 14. Bf2 Qc7
15. g3 O-O 16. c3 Rfd8 17. Qb1 Nc5 18. Nxc5 Bxc5 19. Qe4 Nf6 20. Qc4 h5 21. Kg2
Qb7 22. b4 Bxf2 23. Kxf2 Nd5 24. Rac1 a5 25. Qb5 Qa7 26. c4 Nc7 27. Qxh5 axb4
28. Rfd1 b5+ 29. c5 bxa4 30. Bd3 Rxd3 31. Rxd3 Nd5 32. Rd4 Nf6 33. Qe5 b3 34.
Rb4 Nd5 35. Rb5 Nc7 36. Rb4 Nd5 37. Rb5 Nc7 38. Rb4 Qa5 39. Qc3 Qa7 40. Ra1 Rb8
41. Raxa4 Nd5 42. Rxa7 Rxb4 43. Ra8+ Kh7 44. Qd3+ g6 45. Ra7 b2 46. Rxf7+ Kh6
47. Qd2+ g5 48. Qd3 g4 49. Qh7+ Kg5 50. Qg7+ Kh5 51. fxg4+ 1-0

[Event "Paracin 2018"]
[Site "Paracin, Hotel Petrus"]
[Date "2018.07.13"]
[Round "9.40"]
[White "Radojkovic, Stefan"]
[Black "Martic, Zlatko"]
[Result "0-1"]
[WhiteElo "2105"]
[BlackElo "2264"]
[PlyCount "82"]
[EventDate "2018.07.06"]

1. e4 c5 2. Nc3 e6 3. g3 Nc6 4. Bg2 g6 5. f4 Bg7 6. Nf3 Nge7 7. O-O O-O 8. d3
d5 9. e5 f6 10. exf6 Rxf6 11. Na4 Qd6 12. d4 cxd4 13. Nxd4 Nxd4 14. Qxd4 Rf8
15. Qd3 Bd7 16. Nc3 Rac8 17. Be3 d4 18. Ne2 Nf5 19. Bf2 Qb6 20. c4 Bc6 21. Bxc6
bxc6 22. Rfe1 c5 23. Rab1 a5 24. Qe4 Rce8 25. Nc1 Nd6 26. Qc2 g5 27. Nd3 gxf4
28. gxf4 Rf6 29. Bg3 Rg6 30. Ne5 Bxe5 31. Rxe5 Nf5 32. Kf2 Ne3 33. Qa4 Rf8 34.
Ke2 Qb7 35. Rg1 Qxb2+ 36. Kf3 Ng4 37. Re2 Qc3+ 38. Kg2 e5 39. Be1 Qd3 40. Rd2
Qe4+ 41. Kh3 Qf3+ 0-1

[Event "Paracin 2018"]
[Site "Paracin, Hotel Petrus"]
[Date "2018.07.13"]
[Round "9.41"]
[White "Saksham, Rautela"]
[Black "Jovanovic, Sasa T"]
[Result "1/2-1/2"]
[WhiteElo "2064"]
[BlackElo "2258"]
[PlyCount "54"]
[EventDate "2018.07.06"]

1. e4 d6 2. d4 Nf6 3. Nc3 e5 4. dxe5 dxe5 5. Qxd8+ Kxd8 6. Bc4 Be6 7. Bxe6 fxe6
8. Nf3 Bd6 9. Be3 a6 10. O-O-O Ke7 11. Nd2 b5 12. f3 Nc6 13. Nb3 Rhb8 14. Rd2
a5 15. a4 bxa4 16. Nxa4 Rb5 17. Nbc5 h6 18. Nd3 Kf7 19. b3 Rbb8 20. Ndb2 Bb4
21. Rd3 Be7 22. Rc3 Ra6 23. Nd3 Nd7 24. Rd1 Ke8 25. Bc5 Bd6 26. Ndb2 Nd4 27.
Bxd4 exd4 1/2-1/2

[Event "Paracin 2018"]
[Site "Paracin, Hotel Petrus"]
[Date "2018.07.13"]
[Round "9.42"]
[White "Tarun, V Kanth"]
[Black "Petrov, Georgi"]
[Result "1-0"]
[WhiteElo "2086"]
[BlackElo "2213"]
[PlyCount "57"]
[EventDate "2018.07.06"]

1. d4 Nf6 2. c4 e6 3. Nc3 Bb4 4. f3 d5 5. a3 Bxc3+ 6. bxc3 h6 7. cxd5 exd5 8.
e3 O-O 9. Bd3 c5 10. Ne2 Nc6 11. O-O Re8 12. Ng3 Be6 13. Ra2 Rc8 14. Re2 cxd4
15. cxd4 Na5 16. Bb1 Qb6 17. Rb2 Qa6 18. e4 Nc4 19. Rbf2 Bd7 20. e5 Nh7 21. f4
Qb6 22. Qd3 Nf8 23. f5 f6 24. Nh5 Nh7 25. Qg3 Re7 26. Bxh6 Qxd4 27. exf6 Nxf6
28. Nxf6+ Qxf6 29. Bg5 1-0

[Event "Paracin 2018"]
[Site "Paracin, Hotel Petrus"]
[Date "2018.07.13"]
[Round "9.43"]
[White "Ashid, Tsetseg-Ulzii"]
[Black "Winkelman, Albert"]
[Result "0-1"]
[WhiteElo "2055"]
[BlackElo "2210"]
[PlyCount "44"]
[EventDate "2018.07.06"]

1. e4 e5 2. Nf3 Nc6 3. Nc3 Nf6 4. Bb5 Bb4 5. O-O O-O 6. d3 Bxc3 7. bxc3 d6 8.
Bg5 Qe7 9. Nd2 h6 10. Bxf6 Qxf6 11. Bxc6 bxc6 12. Rb1 Be6 13. c4 Rab8 14. c3 d5
15. Qa4 Qf4 16. cxd5 cxd5 17. Rxb8 Rxb8 18. Qxa7 Rd8 19. Nf3 dxe4 20. dxe4 Rd3
21. Qxc7 Rxf3 22. gxf3 Bh3 0-1

[Event "Paracin 2018"]
[Site "Paracin, Hotel Petrus"]
[Date "2018.07.13"]
[Round "9.44"]
[White "Bergsson, Stefan"]
[Black "Srdanovic, Jovana"]
[Result "1-0"]
[WhiteElo "2192"]
[BlackElo "2064"]
[PlyCount "79"]
[EventDate "2018.07.06"]

1. e4 c5 2. Nf3 e6 3. d4 cxd4 4. Nxd4 a6 5. Bd3 Bc5 6. Nb3 Be7 7. Nc3 d6 8. O-O
Nf6 9. Qe2 Qc7 10. Bd2 O-O 11. Rae1 Nc6 12. f4 b5 13. Rf3 b4 14. Nd1 e5 15. Ne3
Qa7 16. Kh1 Be6 17. Nd5 Bg4 18. Be3 Qb7 19. Nb6 exf4 20. Bg1 Ne5 21. Nxa8 Rxa8
22. Qf1 Bxf3 23. gxf3 a5 24. Nd4 g6 25. Qf2 Qd7 26. Qg2 Kh8 27. Ne2 Nh5 28. Bd4
Qe6 29. b3 Bf6 30. Bb2 Rc8 31. Nd4 Qe7 32. Rd1 Nxd3 33. Rxd3 Rc5 34. Qd2 Be5
35. c4 bxc3 36. Rxc3 Qf6 37. Ne2 Rxc3 38. Bxc3 Qh4 39. Qxd6 Qe1+ 40. Ng1 1-0

[Event "Paracin 2018"]
[Site "Paracin, Hotel Petrus"]
[Date "2018.07.13"]
[Round "9.45"]
[White "Bojicic, Andjela"]
[Black "Bratkovic, Sham"]
[Result "1/2-1/2"]
[WhiteElo "2028"]
[BlackElo "2190"]
[PlyCount "53"]
[EventDate "2018.07.06"]

1. d4 d5 2. c4 e6 3. Nc3 c5 4. cxd5 cxd4 5. Qa4+ Bd7 6. Qxd4 exd5 7. Nf3 Nc6 8.
Qd1 Nf6 9. Bg5 Bb4 10. e3 h6 11. Bxf6 Qxf6 12. Rc1 O-O 13. Be2 Qg6 14. O-O Bh3
15. Ne1 Rad8 16. Bh5 Qg5 17. f4 Qe7 18. gxh3 Qxe3+ 19. Kh1 d4 20. Ng2 Qe6 21.
Ne2 Qxa2 22. Rb1 Qc4 23. Ng3 Rfe8 24. b3 Qb5 25. Qg4 Bf8 26. Nf5 Re6 27. Ng3
1/2-1/2

[Event "Paracin 2018"]
[Site "Paracin, Hotel Petrus"]
[Date "2018.07.13"]
[Round "9.47"]
[White "Terziev, Dimo"]
[Black "Cirovic, Miroljub"]
[Result "0-1"]
[WhiteElo "2016"]
[BlackElo "2183"]
[PlyCount "90"]
[EventDate "2018.07.06"]

1. e4 c5 2. Nf3 Nc6 3. Bb5 e5 4. O-O Nge7 5. c3 g6 6. d4 cxd4 7. cxd4 exd4 8.
Nxd4 Bg7 9. Nxc6 bxc6 10. Bc4 d5 11. exd5 cxd5 12. Bb5+ Bd7 13. Qa4 Bxb5 14.
Qxb5+ Qd7 15. Qxd7+ Kxd7 16. Nd2 Rac8 17. Nb3 Rc2 18. Rb1 Rhc8 19. Be3 Nf5 20.
Rbd1 Nxe3 21. fxe3 Ke6 22. Nd4+ Bxd4 23. exd4 Re2 24. Rc1 Rxc1 25. Rxc1 Rxb2
26. Rc6+ Kf5 27. Rc7 Rxa2 28. Rxf7+ Ke4 29. Rxh7 Kxd4 30. Rg7 Ra6 31. Kf2 Kd3
32. g4 d4 33. g5 Kd2 34. Rf7 Ra2 35. Rc7 d3 36. h4 Kd1+ 37. Kf1 d2 38. Kf2 Ra4
39. Rd7 a5 40. Rd5 Kc2 41. Rc5+ Kd3 42. Rd5+ Rd4 43. Rxd4+ Kxd4 44. Ke2 Ke5 45.
Kxd2 Kf5 0-1

[Event "Paracin 2018"]
[Site "Paracin, Hotel Petrus"]
[Date "2018.07.13"]
[Round "9.48"]
[White "Baltic, Fatih"]
[Black "Toncheva, Nadya"]
[Result "1/2-1/2"]
[WhiteElo "2157"]
[BlackElo "1975"]
[PlyCount "58"]
[EventDate "2018.07.06"]

1. e4 c5 2. Nf3 Nc6 3. d4 cxd4 4. Nxd4 g6 5. c4 Bg7 6. Be3 Nf6 7. Nc3 O-O 8.
Be2 d6 9. O-O Bd7 10. Qd2 Nxd4 11. Bxd4 a5 12. b3 Bc6 13. f3 Nd7 14. Be3 Nc5
15. Rab1 Qc7 16. a3 Rfe8 17. Nd5 Bxd5 18. Qxd5 Qc6 19. Rfd1 Qxd5 20. Rxd5 h5
21. Bf1 Bf6 22. b4 axb4 23. axb4 Na4 24. Rb3 Nc3 25. Ra5 Nd1 26. Bb6 Rxa5 27.
bxa5 Nb2 28. Be3 Nd1 29. Bb6 Nb2 1/2-1/2

[Event "Paracin 2018"]
[Site "Paracin, Hotel Petrus"]
[Date "2018.07.13"]
[Round "9.49"]
[White "Krstic, Milos"]
[Black "Ahmed, Fareed"]
[Result "1/2-1/2"]
[WhiteElo "2137"]
[BlackElo "1953"]
[PlyCount "59"]
[EventDate "2018.07.06"]

1. e4 e6 2. d4 d5 3. Nc3 Nf6 4. Bg5 dxe4 5. Nxe4 Be7 6. Bxf6 gxf6 7. Nf3 b6 8.
Bb5+ c6 9. Bd3 Bb7 10. Qe2 Nd7 11. O-O-O Qc7 12. Ba6 O-O-O 13. Nc3 Kb8 14. Bxb7
Qxb7 15. d5 cxd5 16. Nxd5 Bd6 17. Nc3 Nc5 18. g3 f5 19. Nb5 Ne4 20. Nxd6 Nxd6
21. Ne5 h5 22. h4 Ne4 23. Rhg1 Rd5 24. Nd3 Qa6 25. f3 Nc5 26. a3 Qc4 27. Kb1
Nxd3 28. Rxd3 Rc8 29. Rgd1 Rxd3 30. Rxd3 1/2-1/2

[Event "Paracin 2018"]
[Site "Paracin, Hotel Petrus"]
[Date "2018.07.13"]
[Round "9.50"]
[White "Mar, Karmen"]
[Black "Alivodic, Dario"]
[Result "1/2-1/2"]
[WhiteElo "2130"]
[BlackElo "1930"]
[PlyCount "127"]
[EventDate "2018.07.06"]

1. e4 e6 2. d4 d5 3. Nd2 Nf6 4. e5 Nfd7 5. Bd3 c5 6. c3 Nc6 7. Ngf3 h5 8. dxc5
Ndxe5 9. Nxe5 Nxe5 10. Nf3 Nxd3+ 11. Qxd3 Bd7 12. b4 b6 13. cxb6 Qxb6 14. a4
Rc8 15. O-O Qc7 16. Bd2 Be7 17. Rfe1 Bf6 18. Qxd5 Bxc3 19. Rac1 Bc6 20. Rxe6+
fxe6 21. Qxe6+ Kf8 22. Rxc3 Qd7 23. Qc4 Bb7 24. Qf4+ Qf7 25. Rxc8+ Bxc8 26. Qb8
Qb7 27. Qd6+ Qe7 28. Qd5 Bb7 29. Qf5+ Qf7 30. Qc5+ Qe7 31. Qxa7 Bxf3 32. Qxe7+
Kxe7 33. gxf3 Kd6 34. Be3 Ra8 35. a5 Kc6 36. Kg2 Kb5 37. Bc5 Rd8 38. Kg3 Rd5
39. f4 g6 40. Be7 Rf5 41. Bd6 Ka6 42. Kf3 Kb5 43. Ke4 Rf6 44. Ke5 Rf5+ 45. Ke6
Ka6 46. h4 Kb5 47. Be5 Ka6 48. Kd6 Kb5 49. Kd5 Rf7 50. Ke6 Rf5 51. Bd6 Ka6 52.
Bc7 Kb5 53. Be5 Ka6 54. Kd6 Kb5 55. Kd5 Rf7 56. Ke6 Rf5 57. Bc7 Ka6 58. Kd7 Kb5
59. Kc8 Ka6 60. Bd6 Rf7 61. Bc7 Rf5 62. Be5 Rf7 63. Bd6 Kb5 64. Kd8 1/2-1/2

[Event "Paracin 2018"]
[Site "Paracin, Hotel Petrus"]
[Date "2018.07.13"]
[Round "9.51"]
[White "Djokic, Slavoljub"]
[Black "Mehmed, Elif"]
[Result "1-0"]
[WhiteElo "2118"]
[BlackElo "1973"]
[PlyCount "207"]
[EventDate "2018.07.06"]

1. c4 e6 2. Nc3 d5 3. cxd5 exd5 4. d4 c6 5. Nf3 Bf5 6. g3 h6 7. Bg2 Nf6 8. Bf4
Nbd7 9. O-O Be7 10. Be5 O-O 11. Bxf6 Nxf6 12. a3 Bd6 13. e3 Re8 14. Nd2 Re7 15.
b4 b5 16. Nb3 Nd7 17. Na5 Rc8 18. Re1 Qe8 19. Nb7 Bb8 20. a4 a6 21. Qb3 Kh8 22.
Bf1 Ne5 23. dxe5 Rxb7 24. f4 Be6 25. Qa3 Ba7 26. axb5 axb5 27. Rad1 Rd8 28. Ne2
Bg4 29. Rd3 Bxe2 30. Rxe2 d4 31. e4 Qe7 32. Rc2 c5 33. bxc5 b4 34. Qb3 Bxc5 35.
Bh3 Ra8 36. Qd5 Ra5 37. Kg2 Rab5 38. Rb3 Rb8 39. e6 fxe6 40. Qxe6 Qb7 41. Bf5
Rb6 42. Qd7 Qxd7 43. Bxd7 Be7 44. e5 Ra6 45. Bf5 Kg8 46. Rc7 Kf8 47. Rd7 Ra3
48. Rb1 b3 49. Rxd4 Ra2+ 50. Kh3 Rf2 51. Rc4 b2 52. Rc2 Rxc2 53. Bxc2 Ba3 54.
Bg6 Rc8 55. Rd1 Ke7 56. Bf5 Rc7 57. Rd5 Rb7 58. Bb1 Bb4 59. Rd4 Bc3 60. Rc4 Bd2
61. Rc6 Bc1 62. Kg4 Kf7 63. Kf5 Be3 64. Rc2 Bc1 65. Rc3 Bd2 66. Rd3 Bc1 67. Kg4
Ke6 68. Rd6+ Ke7 69. Rc6 Kf7 70. Kf5 Be3 71. h4 Bf2 72. Rc3 Be1 73. Re3 Bd2 74.
Rd3 Be1 75. h5 Bf2 76. g4 Bh4 77. g5 Be1 78. gxh6 gxh6 79. Rd6 Ra7 80. Rb6 Bc3
81. Rb3 Ra1 82. Rxc3 Rxb1 83. Rc7+ Ke8 84. Rb7 Kd8 85. e6 Kc8 86. Rb3 Kc7 87.
e7 Re1 88. Rxb2 Rxe7 89. Kf6 Re4 90. f5 Kd7 91. Kg6 Ke7 92. f6+ Kd7 93. Rb7+
Kd6 94. f7 Rf4 95. Kg7 Rg4+ 96. Kxh6 Rf4 97. Kg7 Rg4+ 98. Kf6 Rf4+ 99. Kg5 Rf1
100. h6 Ke6 101. h7 Rg1+ 102. Kh4 Rh1+ 103. Kg3 Rxh7 104. f8=N+ 1-0